Culinary arts/ (Record no. 3714)

MARC details
000 -LEADER
fixed length control field 00639nam a22001937a 4500
003 - CONTROL NUMBER IDENTIFIER
control field OSt
005 - DATE AND TIME OF LATEST TRANSACTION
control field 20250716070637.0
008 - FIXED-LENGTH DATA ELEMENTS--GENERAL INFORMATION
fixed length control field 250716b |||||||| |||| 00| 0 eng d
020 ## - INTERNATIONAL STANDARD BOOK NUMBER
International Standard Book Number 978-971-9654-02-5.
040 ## - CATALOGING SOURCE
Original cataloging agency DWCL - Main lib
Transcribing agency OC
082 ## - DEWEY DECIMAL CLASSIFICATION NUMBER
Classification number Fil. 641.5 Ja11c 2015
100 ## - MAIN ENTRY--PERSONAL NAME
Personal name Javier-Reyes, Ruth Estrada
245 ## - TITLE STATEMENT
Title Culinary arts/
Statement of responsibility, etc. Ruth Estrada Javier-Reyes
260 ## - PUBLICATION, DISTRIBUTION, ETC.
Place of publication, distribution, etc. Intramuros, Manila :
Name of publisher, distributor, etc. Unlimitted Books Library Servicesand Publishing, Inc.
300 ## - PHYSICAL DESCRIPTION
Extent viii, 238 pages :
Other physical details illustrations ;
Dimensions 26 cm.
504 ## - BIBLIOGRAPHY, ETC. NOTE
Bibliography, etc. note Includes bibliographical references.
650 ## - SUBJECT ADDED ENTRY--TOPICAL TERM
Topical term or geographic name entry element 1. Cooking.
942 ## - ADDED ENTRY ELEMENTS (KOHA)
Source of classification or shelving scheme Dewey Decimal Classification
Koha item type Book-Filipiniana
Call number prefix Fil.
Suppress in OPAC No
952 ## - LOCATION AND ITEM INFORMATION (KOHA)
--
Holdings
Withdrawn status Lost status Source of classification or shelving scheme Damaged status Not for loan Home library Current library Shelving location Date acquired Source of acquisition Total Checkouts Full call number Barcode Date last seen Copy number Price effective from Koha item type Uniform Resource Identifier
    Dewey Decimal Classification     College Library College Library Filipiniana 04/27/2017 Donation   Fil. 641.5 Ja11c 2015 51494 07/16/2025 c1 07/16/2025 BK - FIL